000 00736nam a2200289Ia 4500
005 20260324114929.0
008 008 260324s9999 xx 000 0 eng d
020 _a9780367276706
037 _aEBOOK
040 _aCRL
040 _beng
040 _cCRL
041 _2eng
041 _aeng
084 _qCRL
100 _aUttam Ghosh; Danda B Rawat; Raja Datta; Al-Sakib Khan Pathan
_91152707
245 0 _aInternet of Things and Secure Smart Environments
245 0 _bSuccesses and Pitfalls
260 _bTaylor and Francis
260 _c2020
365 _a
365 _b225
856 _uhttp://www.taylorfrancis.com/books/9780367276706
942 _cEBOOK
999 _c1743196
_d1743196